| 000 | 00572nam a2200229 a 4500 | ||
|---|---|---|---|
| 999 |
_c1838 _d1838 |
||
| 001 | 1838 | ||
| 003 | BD-JhCC | ||
| 005 | 20171025084540.0 | ||
| 008 | 171025s2006 ii a|||| || | 001 0 eng d | ||
| 020 | _a10: 0470078081 | ||
| 035 | _a(BD-JhCC)1838 | ||
| 040 |
_aBD-JhCC _dBD-JhCC |
||
| 041 | _aeng | ||
| 082 |
_222 _a004.68 _bTID 2006 |
||
| 100 | _aTidrow, Rob | ||
| 245 |
_aWireless Networking Visual / _cRob Tidrow, |
||
| 260 |
_aIndia _bWiley Publishing Inc. _c2006 |
||
| 300 |
_a199 p. : _c20 cm. |
||
| 650 | _aWireless LANs | ||
| 942 |
_2ddc _cBK |
||